00403nam a2200133Ia 4500008004100000041000800041082001600049100002300065245010500088250000600193260003800199300001100237650002100248210716s1992 xx 000 0 und d aeng a005.45 STUR aStultz, Russell A. aIllustrated Ms Dos 5.0: and all previous ms pc dos versions.bAnd all previous ms pc dos versions. a1 aNew DelhibBPB Publicationsc1992 aix,302 aMS DOS(005.3682)